| 000 | 00453nam a2200133Ia 4500 | ||
|---|---|---|---|
| 008 | 220217s9999 xx 000 0 und d | ||
| 245 | 0 | _aInternational Standard: Rubber, vulcanized- Determination of tensile stress-strain properties | |
| 260 | _aSwitzerland | ||
| 260 |
_c1977 _bInternational Organization for Standardization |
||
| 490 | _aInternational Srandard | ||
| 500 | _aStandard number: ISO 37. Ed 2 | ||
| 650 | _aVulcanized rubber | ||
| 942 | _cST | ||
| 999 |
_c74138 _d74138 |
||